K/S Victoria Street (a Danish Partnership) v House of Fraser (Stores Management) Ltd; House of Fraser Stores Ltd; House of Fraser Ltd (Record no. 83677)

MARC details
000 -LEADER
fixed length control field 01450cab a22002295a 4500
001 - CONTROL NUMBER
control field L154583
008 - FIXED-LENGTH DATA ELEMENTS--GENERAL INFORMATION
fixed length control field 120103e2011 xxk 000 0 eng d
035 ## - SYSTEM CONTROL NUMBER
System control number (Sirsi) u154583
041 0# - LANGUAGE CODE
Language code of text/sound track or separate title eng
245 00 - TITLE STATEMENT
Title K/S Victoria Street (a Danish Partnership) v House of Fraser (Stores Management) Ltd; House of Fraser Stores Ltd; House of Fraser Ltd
Medium [electronic resource]
260 ## - PUBLICATION, DISTRIBUTION, ETC.
Date of publication, distribution, etc. 2011
520 ## - SUMMARY, ETC.
Summary, etc. [2011] EWCA Civ 904, 27 July 2011. Examines the issue whether or not an outgoing tenant's guarantor can be required to guarantee that tenant's assignee after the decision in "Good Harvest Partnership v Centaur Services Ltd" ([2001] EWHC 330 (Ch) (L149727)). "Held": A tenant's guarantor is not required to guarantee that tenant's assignee but the guarantor can be required to guarantee a tenant's assignee under an authorised guarantee agreement.
590 ## - LOCAL NOTE (RLIN)
Local note KA
650 24 - SUBJECT ADDED ENTRY--TOPICAL TERM
Topical term or geographic name entry element K/S VICTORIA STREET V HOUSE OF FRASER (STORES MANAGEMENT) LTD
650 24 - SUBJECT ADDED ENTRY--TOPICAL TERM
Topical term or geographic name entry element AVONRIDGE PROPERTY CO LTD V MASHRU
650 24 - SUBJECT ADDED ENTRY--TOPICAL TERM
Topical term or geographic name entry element GOOD HARVEST PARTNERSHIP LLP V CENTAUR SERVICES LTD
650 24 - SUBJECT ADDED ENTRY--TOPICAL TERM
Topical term or geographic name entry element LANDLORD AND TENANT (COVENANTS) ACT 1995
651 #4 - SUBJECT ADDED ENTRY--GEOGRAPHIC NAME
Geographic name England and Wales
Chronological subdivision 1543-
690 ## - LOCAL SUBJECT ADDED ENTRY--TOPICAL TERM (OCLC, RLIN)
Topical term or geographic name as entry element PROPERTY-COMMERCIAL PROPERTY-LEASEHOLD COMMERCIAL PROPERTY-COMMERCIAL LANDLORD AND TENANT-COMMERCIAL LEASES-ASSIGNMENT OF COMMERCIAL LEASES
856 40 - ELECTRONIC LOCATION AND ACCESS
Uniform Resource Identifier <a href="https://www.bailii.org/ew/cases/EWCA/Civ/2011/904.html">https://www.bailii.org/ew/cases/EWCA/Civ/2011/904.html</a>
Public note View the law report free of charge at www.bailii.org
942 ## - ADDED ENTRY ELEMENTS (KOHA)
Suppress in OPAC 0
Holdings
Withdrawn status Lost status Source of classification or shelving scheme Damaged status Not for loan Home library Current library Shelving location Date acquired Total Checkouts Full call number Barcode Date last seen Copy number Price effective from Koha item type
    Dewey Decimal Classification     Virtual Virtual Online 30/12/2011   ONLINE PUBLICATION 154583-2001 06/08/2019 1 06/08/2019 Law report